000 00751nam a2200253Ia 4500
003 OSt
005 20220923213623.0
006 a|||||r|||| 00| 0
007 ta
008 220922b |||||||| |||| 00| 0 hin d
024 _a163,561
037 _cTextual
040 _aARTS
_cARTS
_bhin
041 _2hin
_ahin
082 _aO152,1N13,1, J0
100 _aनरेन्द्र
_9156277
245 0 _aअग्नि शस्य
246 _aAgni shasya
260 _aप्रयाग
_b भारती भड़ार
_c1950
300 _a126 पृ.
_ccm.
650 _aहिन्दी साहित्य
_9156264
942 _hO152,1N13,1, J0
_cTEXL
_2CC
999 _c318041
_d318041